LEADER 00831nam0-2200313---450- 001 990008799920403321 005 20090205122359.0 010 $a88-212-0818-4 035 $a000879992 035 $aFED01000879992 035 $a(Aleph)000879992FED01 035 $a000879992 100 $a20090205d1980----km-y0itay50------ba 101 0 $aita 102 $aIT 105 $aa-------001yy 200 1 $aManuale di igiene$fA. Albano, L. Salvaggio 210 $aPadova$cPiccin$dc1980 215 $aIX, 871 p.$cill.$d25 cm 610 0 $aIgiene$aManuali 700 1$aAlbano,$bAmedeo$0355879 701 1$aSalvaggio,$bLeonardo$0101006 801 0$aIT$bUNINA$gRICA$2UNIMARC 901 $aBK 912 $a990008799920403321 952 $a90 S 1a 5$b992$fFMEBC 959 $aFMEBC 996 $aManuale di igiene$993848 997 $aUNINA LEADER 01011nam--2200373---450- 001 990003096740203316 005 20110808092108.0 035 $a000309674 035 $aUSA01000309674 035 $a(ALEPH)000309674USA01 035 $a000309674 100 $a20080416d1950----km-y0itay50------ba 101 $afre 102 $aFR 105 $a||||||||001yy 200 1 $a<> maitre de Milan$eroman$fJacques Audiberti 210 $aParis$cGallimard$dcopyr. 1950 215 $a263 p.$c19 cm 410 0$12001 454 1$12001 461 1$1001-------$12001 606 0 $aNarrativa francese$z1945-1999 676 $a843.914 700 1$aAUDIBERTI,$bJacques$0469293 801 0$aIT$bsalbc$gISBD 912 $a990003096740203316 951 $aII.4.A.187$b3183 DSLL 959 $aBK 969 $aDSLL 979 $aDSLL$b90$c20080416$lUSA01$h1723 979 $aDSLL$b90$c20080416$lUSA01$h1735 979 $aDSLL$b90$c20110808$lUSA01$h0921 996 $aMaitre de Milan$91019197 997 $aUNISA